00918nam a2200217 a 450000100100000000500170001000800410002702000150006804000250008308200160010810000450012424501120016926000470028130000210032849000270034950000850037650000740046183000340053595201140056999900170068300004247920201002040159.0131204s1990 ag 000 0 spa d a9507420134 aDO-SdBNPbspacBNPHU axxxxbM828a1 aMorales Solá, Joaquín,d1949-96966110aAsalto a la ilusión :bhistoria secreta del poder en la Argentina desde 1983 /cJoaquín Morales Solá. aBuenos Aires, Argentina :bPlaneta,c1990. a348 p. ;c23 cm.1 aEspejo de la Argentina aCubierta de subtítulos: Historia secreta del poder en la Argentina desde 1983. aIncluye referencias bibliográficas y notas al pie de las páginas. 0aEspejo de la Argentina969662 001050718MOaGRbGRcCTd2013-12-04iLF1l0oxxxx M828ap42479-10r2020-06-25w2020-06-25y1ZNo se presta c41968d41968